<?xml version='1.0' encoding='UTF-8'?>
  <record xmlns="http://www.loc.gov/MARC21/slim">
    <leader>00000cam a22000007i 4500</leader>
    <controlfield tag="001">ocm69028757</controlfield>
    <controlfield tag="003">OCoLC</controlfield>
    <controlfield tag="005">20250720175543.1</controlfield>
    <controlfield tag="008">950524s1596    ne            000 0 dut d</controlfield>
    <datafield tag="040" ind1=" " ind2=" ">
      <subfield code="a">NLGGC</subfield>
      <subfield code="b">dut</subfield>
      <subfield code="e">fobidrtb</subfield>
      <subfield code="c">NLGGC</subfield>
      <subfield code="d">OCLCO</subfield>
      <subfield code="d">OCLCA</subfield>
      <subfield code="d">OCLCL</subfield>
      <subfield code="d">OCLCQ</subfield>
    </datafield>
    <datafield tag="029" ind1="0" ind2=" ">
      <subfield code="a">NLGGC</subfield>
      <subfield code="b">13711320X</subfield>
    </datafield>
    <datafield tag="035" ind1=" " ind2=" ">
      <subfield code="a">(OCoLC)69028757</subfield>
    </datafield>
    <datafield tag="045" ind1="2" ind2=" ">
      <subfield code="b">d1579</subfield>
      <subfield code="b">d1592</subfield>
    </datafield>
    <datafield tag="100" ind1="1" ind2=" ">
      <subfield code="a">Linschoten, Jan Huygen van</subfield>
      <subfield code="q">(Jan Huyghen),</subfield>
      <subfield code="d">ca. 1563-1611.</subfield>
      <subfield code="1">https://id.oclc.org/worldcat/entity/E39PBJtMjvb9tjXC3DMTgmvj4q</subfield>
    </datafield>
    <datafield tag="245" ind1="1" ind2="0">
      <subfield code="a">Beschryvinghe van de gantsche custe van Guinea, Manicongo, Angola, Monomotapa, ende tegenover de Cabo de S. Augustijn in Brasilien...mitsgaders de voorder beschrijvinge op de caerten van Madagascar, ander 't eylant S. Laurens ghenoemt...noch volght de beschrijvinge van West Indien int langhe, met hare caerte /</subfield>
      <subfield code="c">[Jan Huygen van Linschoten].</subfield>
    </datafield>
    <datafield tag="260" ind1=" " ind2=" ">
      <subfield code="a">t'Amstelredam :</subfield>
      <subfield code="b">By Cornelis Claesz.,</subfield>
      <subfield code="c">1596.</subfield>
    </datafield>
    <datafield tag="300" ind1=" " ind2=" ">
      <subfield code="a">82 p. :</subfield>
      <subfield code="b">titelvignet (gekleurd) ;</subfield>
      <subfield code="c">in-2.</subfield>
    </datafield>
    <datafield tag="336" ind1=" " ind2=" ">
      <subfield code="a">tekst</subfield>
      <subfield code="b">txt</subfield>
      <subfield code="2">rdacontent/dut</subfield>
    </datafield>
    <datafield tag="337" ind1=" " ind2=" ">
      <subfield code="a">zonder medium</subfield>
      <subfield code="b">n</subfield>
      <subfield code="2">rdamedia/dut</subfield>
    </datafield>
    <datafield tag="338" ind1=" " ind2=" ">
      <subfield code="a">band</subfield>
      <subfield code="b">nc</subfield>
      <subfield code="2">rdacarrier/dut</subfield>
    </datafield>
    <datafield tag="510" ind1="0" ind2=" ">
      <subfield code="a">Linschoten, 39</subfield>
    </datafield>
    <datafield tag="510" ind1="0" ind2=" ">
      <subfield code="a">Tiele(Mem.),</subfield>
      <subfield code="c">p. 86-87</subfield>
    </datafield>
    <datafield tag="510" ind1="0" ind2=" ">
      <subfield code="a">Tiele(Bibl.), 678</subfield>
    </datafield>
    <datafield tag="710" ind1="0" ind2=" ">
      <subfield code="a">Claesz, Cornelis (Amsterdam)</subfield>
      <subfield code="4">prt</subfield>
      <subfield code="0">(NL-LeOCL)077155122</subfield>
    </datafield>
    <datafield tag="773" ind1="0" ind2=" ">
      <subfield code="t">Itinerarium ofte schip-vaert naer Oost ofte Portugaels Indien... / Jan Huygen van Linschoten. - T'Amstelredam : By Cornelis Claesz, 1596</subfield>
      <subfield code="g">, 82 p</subfield>
    </datafield>
    <datafield tag="936" ind1=" " ind2=" ">
      <subfield code="a">BATCHLOAD</subfield>
    </datafield>
  </record>